[Event "Plzen, FSB A"]
[Site "?"]
[Date "2004.??.??"]
[Round "5.16"]
[White "Studnicka, T."]
[Black "Chalus, K."]
[Result "1-0"]
[WhiteElo "2302"]
[BlackElo "2123"]
[PlyCount "43"]
[EventDate "2004.??.??"]
[Source "ChessBase"]
[SourceDate "1996.11.15"]

1. d4 Nf6 2. c4 g6 3. Nc3 d5 4. Nf3 Bg7 5. cxd5 Nxd5 6. e4 Nxc3 7. bxc3 c5 8.
Rb1 b6 9. Bb5+ Kf8 10. O-O Qc7 11. dxc5 bxc5 12. Bf4 e5 13. Be3 Bb7 14. Bxc5+
Kg8 15. Bd6 Qc8 16. Qb3 h6 17. Nxe5 Bxe5 18. Bxe5 Rh7 19. Bxb8 Bxe4 20. Be2
Bxb1 21. Rxb1 a5 22. Bf3 1-0

[Event "Plzen, FSB A"]
[Site "?"]
[Date "2004.??.??"]
[Round "5.17"]
[White "Gross, S."]
[Black "Hlavac, R."]
[Result "1/2-1/2"]
[WhiteElo "2294"]
[BlackElo "2165"]
[PlyCount "39"]
[EventDate "2004.??.??"]
[Source "ChessBase"]
[SourceDate "1996.11.15"]

1. c4 e5 2. Nc3 Nf6 3. Nf3 Nc6 4. e3 Bb4 5. Qc2 O-O 6. d3 d5 7. cxd5 Nxd5 8.
Bd2 Be6 9. Be2 f6 10. a3 Nxc3 11. Bxc3 Bxc3+ 12. Qxc3 a5 13. O-O a4 14. Rac1
Rf7 15. Nd2 Bd5 16. Rfd1 Kh8 17. Bf3 Bxf3 18. Nxf3 Rd7 19. Rd2 Na5 20. Re1
1/2-1/2

[Event "Plzen, FSB A"]
[Site "?"]
[Date "2004.??.??"]
[Round "5.18"]
[White "Bukacek, L."]
[Black "Bensch, P."]
[Result "0-1"]
[WhiteElo "2091"]
[BlackElo "2288"]
[PlyCount "54"]
[EventDate "2004.??.??"]
[Source "ChessBase"]
[SourceDate "1996.11.15"]

1. d4 Nf6 2. Bg5 Ne4 3. Bh4 c5 4. f3 g5 5. fxe4 gxh4 6. e3 Bh6 7. Qd3 Qb6 8. b3
d6 9. Nd2 Nc6 10. c3 Bd7 11. Ngf3 h3 12. gxh3 O-O-O 13. Rg1 cxd4 14. exd4 Qa5
15. d5 Ne5 16. Nxe5 dxe5 17. Nf3 f6 18. a4 Kb8 19. b4 Qc7 20. a5 f5 21. c4 Rhf8
22. Rd1 fxe4 23. Qxe4 Bf4 24. Nh4 Qd6 25. c5 Qh6 26. Nf3 Bf5 27. Qc4 e4 0-1

[Event "Plzen, FSB A"]
[Site "?"]
[Date "2004.??.??"]
[Round "5.19"]
[White "Wiesinger, R."]
[Black "Jenicek, M."]
[Result "1-0"]
[WhiteElo "2265"]
[BlackElo "2117"]
[PlyCount "43"]
[EventDate "2004.??.??"]
[Source "ChessBase"]
[SourceDate "1996.11.15"]

1. e4 c6 2. d4 d5 3. e5 Bf5 4. Nc3 e6 5. g4 Bg6 6. Nge2 Ne7 7. f4 c5 8. h4 h5
9. f5 exf5 10. g5 Nec6 11. Bg2 cxd4 12. Nxd5 Nxe5 13. Bf4 Bd6 14. Nxd4 a6 15.
Qe2 O-O 16. O-O-O Ng4 17. Nxf5 Bxf4+ 18. Nxf4 Qa5 19. Ne7+ Kh7 20. Nfxg6 fxg6
21. Qe6 Ne5 22. Rd5 1-0

[Event "Plzen, FSB A"]
[Site "?"]
[Date "2004.??.??"]
[Round "5.20"]
[White "Ionica, I."]
[Black "Hodova, L."]
[Result "1-0"]
[WhiteElo "2264"]
[BlackElo "2112"]
[PlyCount "67"]
[EventDate "2004.??.??"]
[Source "ChessBase"]
[SourceDate "1996.11.15"]

1. e4 c5 2. Nf3 d6 3. d4 cxd4 4. Nxd4 Nf6 5. Nc3 a6 6. a4 e5 7. Nf3 Be6 8. Ng5
Nc6 9. Nxe6 fxe6 10. g4 h6 11. Bg2 Qc7 12. h4 O-O-O 13. g5 hxg5 14. hxg5 Rxh1+
15. Bxh1 Nd7 16. Be3 Kb8 17. Qg4 Nc5 18. O-O-O Be7 19. Kb1 Qa5 20. Bxc5 Qxc5
21. Qxe6 Bxg5 22. Qf7 Bf4 23. Qxg7 Qxf2 24. Nd5 Rc8 25. Qd7 Qc5 26. Bg2 Nd4 27.
c3 Bg5 28. Bh3 Nf3 29. Qxc8+ Qxc8 30. Bxc8 Kxc8 31. Kc2 b5 32. axb5 axb5 33.
Kd3 Kd7 34. Ra1 1-0

[Event "Plzen, FSB A"]
[Site "?"]
[Date "2004.??.??"]
[Round "5.21"]
[White "Folk, P."]
[Black "Kalista, K."]
[Result "1/2-1/2"]
[WhiteElo "2245"]
[BlackElo "2019"]
[PlyCount "103"]
[EventDate "2004.??.??"]
[Source "ChessBase"]
[SourceDate "1996.11.15"]

1. e4 e6 2. d4 d5 3. Nc3 Nf6 4. e5 Nfd7 5. f4 c5 6. Nf3 Nc6 7. Be3 Be7 8. Qd2
Qa5 9. Be2 a6 10. O-O O-O 11. a3 f5 12. b4 cxb4 13. axb4 Qd8 14. b5 Ncb8 15.
bxa6 Nxa6 16. Na4 Nb6 17. Nxb6 Qxb6 18. Rfb1 Qc7 19. c4 Bd7 20. c5 Ra7 21. Ra2
Rfa8 22. Rba1 Qb8 23. Qa5 Bd8 24. Qa3 Bc6 25. Qb3 Nc7 26. Bf2 Rxa2 27. Rxa2
Rxa2 28. Qxa2 Qa8 29. Qxa8 Nxa8 30. Bh4 Ba5 31. Be1 Bd8 32. Ng5 Bxg5 33. fxg5
Nc7 34. Kf2 Bb5 35. Bd1 Bc4 36. Ke3 Kf7 37. Bh5+ g6 38. Bd1 Ke7 39. h4 Bb5 40.
Ba5 Na6 41. g4 fxg4 42. Bxg4 Be8 43. Be2 Nb8 44. Bc7 Nc6 45. Bd6+ Kd8 46. Bg4
Bf7 47. Bd1 Kd7 48. Bc2 Bg8 49. Ba4 Kd8 50. Kd3 Bf7 51. Kc3 Kc8 52. Bf8 1/2-1/2

[Event "Plzen, FSB A"]
[Site "?"]
[Date "2004.??.??"]
[Round "5.22"]
[White "Vrana, J."]
[Black "Maurer, J."]
[Result "1-0"]
[WhiteElo "2074"]
[BlackElo "2198"]
[PlyCount "75"]
[EventDate "2004.??.??"]
[Source "ChessBase"]
[SourceDate "1996.11.15"]

1. e4 e6 2. d4 d5 3. Nd2 Be7 4. c3 dxe4 5. Nxe4 Nf6 6. Bd3 Nbd7 7. Nf3 c5 8.
O-O O-O 9. Qe2 Qc7 10. Nxf6+ Nxf6 11. Bg5 Bd7 12. Ne5 cxd4 13. cxd4 Qd6 14.
Rad1 Bc6 15. Nxc6 bxc6 16. Bb1 Nd5 17. Bxe7 Qxe7 18. Qc2 g6 19. Qxc6 Rfc8 20.
Qa6 Qb4 21. Qe2 Rab8 22. Rd2 a5 23. g3 Rb6 24. Be4 Rd6 25. Rfd1 Rcd8 26. a3 Qb6
27. Qc4 Ne7 28. b4 axb4 29. axb4 e5 30. d5 Rc8 31. Qb3 Rb8 32. Qc3 f6 33. Rb1
Rc8 34. Qb3 Kg7 35. Qa2 Qb5 36. Bg2 Rc4 37. Bf1 Ra6 38. Qxc4 1-0

[Event "Plzen, FSB A"]
[Site "?"]
[Date "2004.??.??"]
[Round "5.23"]
[White "Ondrejat, M."]
[Black "Koth, S."]
[Result "1/2-1/2"]
[WhiteElo "2072"]
[BlackElo "2190"]
[PlyCount "49"]
[EventDate "2004.??.??"]
[Source "ChessBase"]
[SourceDate "1996.11.15"]

1. e4 c5 2. Nf3 e6 3. d4 cxd4 4. Nxd4 a6 5. Nc3 Nc6 6. Be3 Bb4 7. Nxc6 bxc6 8.
Be2 Nf6 9. O-O d5 10. exd5 cxd5 11. Na4 O-O 12. Nb6 Rb8 13. Nxc8 Qxc8 14. Ba7
Ra8 15. Bd4 Nd7 16. Bxg7 Kxg7 17. Qd4+ Nf6 18. Qxb4 Qxc2 19. Bd1 Qd3 20. Qf4
Rac8 21. Be2 Qxe2 22. Qg5+ Kh8 23. Qxf6+ Kg8 24. Qg5+ Kh8 25. Qf6+ 1/2-1/2

[Event "Plzen, FSB A"]
[Site "?"]
[Date "2004.??.??"]
[Round "5.24"]
[White "Purnoch, J."]
[Black "Mitterhuemer, G."]
[Result "1-0"]
[WhiteElo "2184"]
[BlackElo "2075"]
[PlyCount "39"]
[EventDate "2004.??.??"]
[Source "ChessBase"]
[SourceDate "1996.11.15"]

1. d4 d5 2. Nf3 c6 3. c4 dxc4 4. Nc3 e6 5. a4 Bb4 6. e4 b5 7. Bg5 Qb6 8. Be2
Nd7 9. O-O a6 10. d5 Bxc3 11. bxc3 Ngf6 12. dxe6 fxe6 13. Qd6 Kf7 14. Bxf6 gxf6
15. Nd4 Ne5 16. Bh5+ Ng6 17. Nxc6 Kg7 18. Bxg6 hxg6 19. Qe7+ Kg8 20. Rfd1 1-0

[Event "Plzen, FSB A"]
[Site "?"]
[Date "2004.??.??"]
[Round "5.25"]
[White "Folkova, M."]
[Black "Spiesberger, G."]
[Result "1-0"]
[WhiteElo "2165"]
[BlackElo "2070"]
[PlyCount "73"]
[EventDate "2004.??.??"]
[Source "ChessBase"]
[SourceDate "1996.11.15"]

1. e4 d5 2. exd5 Qxd5 3. Nc3 Qa5 4. d4 Nf6 5. Bc4 Bf5 6. Nf3 e6 7. Bd2 c6 8.
Qe2 Bb4 9. O-O-O b5 10. Bb3 O-O 11. Ne5 Qb6 12. g4 Bxc3 13. Bxc3 Be4 14. Rhg1
Bd5 15. Bb4 Rc8 16. g5 Nfd7 17. Rg3 a5 18. Bc5 Nxc5 19. dxc5 Qxc5 20. Bxd5 cxd5
21. Nxf7 Qc4 22. Qxc4 bxc4 23. g6 hxg6 24. Ng5 Nc6 25. Nxe6 Ne7 26. Rd2 Ra6 27.
Re2 Ra7 28. h4 Nf5 29. Rg4 Re8 30. Nf4 Rxe2 31. Nxe2 Re7 32. Kd2 Kf7 33. b3
cxb3 34. axb3 Kf6 35. Nf4 Rd7 36. Rxg6+ Ke5 37. Nd3+ 1-0

[Event "Plzen, FSB A"]
[Site "?"]
[Date "2004.??.??"]
[Round "5.26"]
[White "Kamenik, M."]
[Black "Beran, B."]
[Result "1/2-1/2"]
[WhiteElo "2057"]
[BlackElo "2158"]
[PlyCount "40"]
[EventDate "2004.??.??"]
[Source "ChessBase"]
[SourceDate "1996.11.15"]

1. e4 e5 2. Nc3 Bc5 3. Bc4 Nf6 4. d3 d6 5. h3 O-O 6. Nf3 Be6 7. Bxe6 fxe6 8.
O-O Nc6 9. Na4 Bb6 10. Nxb6 axb6 11. Qe2 Qe7 12. Bg5 h6 13. Bxf6 Rxf6 14. c3
Raf8 15. Nh2 d5 16. f3 d4 17. c4 Qd6 18. a3 Ne7 19. b4 Ng6 20. g3 R6f7 1/2-1/2

[Event "Plzen, FSB A"]
[Site "?"]
[Date "2004.??.??"]
[Round "5.27"]
[White "Toman, Jar"]
[Black "Vachtfeidl, P."]
[Result "1-0"]
[WhiteElo "2145"]
[BlackElo "2060"]
[PlyCount "83"]
[EventDate "2004.??.??"]
[Source "ChessBase"]
[SourceDate "1996.11.15"]

1. e4 c5 2. Nf3 d6 3. d4 cxd4 4. Nxd4 Nf6 5. Nc3 a6 6. Be2 e6 7. a4 Nc6 8. Be3
Be7 9. O-O O-O 10. f4 Qc7 11. Kh1 Re8 12. Bf3 Bf8 13. Qd2 Rb8 14. g4 Na5 15. b3
b6 16. g5 Nd7 17. Bg2 Bb7 18. Bg1 g6 19. Rae1 Rbc8 20. Rf3 Bg7 21. Rh3 Nc6 22.
Ncb5 axb5 23. Nxb5 Qd8 24. Nxd6 Nc5 25. Bxc5 bxc5 26. Rd3 Qc7 27. Nxe8 Rxe8 28.
Rd7 Qb6 29. e5 Bc8 30. Rd6 Bb7 31. Rd7 Rb8 32. Qd6 Bf8 33. Qc7 Qxc7 34. Rxc7
Na5 35. Bxb7 Rxb7 36. Rxb7 Nxb7 37. Rd1 Na5 38. Rd8 Kg7 39. Ra8 Nc6 40. a5 Nd4
41. a6 Nxc2 42. a7 1-0

[Event "Plzen, FSB A"]
[Site "?"]
[Date "2004.??.??"]
[Round "5.28"]
[White "Havlik, J."]
[Black "Cecil, P."]
[Result "1-0"]
[WhiteElo "2136"]
[BlackElo "2042"]
[PlyCount "91"]
[EventDate "2004.??.??"]
[Source "ChessBase"]
[SourceDate "1996.11.15"]

1. e4 e6 2. d4 d5 3. Nc3 dxe4 4. Nxe4 Nd7 5. Nf3 Ngf6 6. Bg5 h6 7. Nxf6+ Nxf6
8. Bxf6 gxf6 9. Bc4 c6 10. Qe2 Be7 11. O-O-O Qc7 12. Rhe1 b6 13. g3 Bd7 14. d5
cxd5 15. Ba6 Bc6 16. Nd4 Kf8 17. Qxe6 Ba4 18. Qxd5 Rd8 19. Rxe7 Qxe7 20. Qxd8+
Qxd8 21. Ne6+ fxe6 22. Rxd8+ Kg7 23. Rd4 Be8 24. Rd6 e5 25. Re6 Kg6 26. Re7 Bc6
27. Bd3+ e4 28. Bxe4+ Bxe4 29. Rxe4 Rh7 30. b4 Kf5 31. f3 h5 32. Kb2 Rd7 33. h3
Kg5 34. a4 Rg7 35. c4 Kh6 36. g4 h4 37. f4 Kg6 38. Re6 Rc7 39. Kc3 Kf7 40. f5
Rd7 41. c5 bxc5 42. bxc5 Rd1 43. c6 Rc1+ 44. Kd4 Ra1 45. Kd5 Rc1 46. Kd6 1-0

[Event "Plzen, FSB A"]
[Site "?"]
[Date "2004.??.??"]
[Round "5.29"]
[White "Spirek, A."]
[Black "Pokrupa, M."]
[Result "0-1"]
[WhiteElo "2049"]
[BlackElo "2122"]
[PlyCount "62"]
[EventDate "2004.??.??"]
[Source "ChessBase"]
[SourceDate "1996.11.15"]

1. e4 e6 2. d3 c5 3. Nf3 Nc6 4. g3 g6 5. Bg2 Bg7 6. O-O Nge7 7. Re1 d6 8. Nbd2
O-O 9. Nf1 h6 10. c3 e5 11. Ne3 Be6 12. c4 f5 13. exf5 Nxf5 14. Bh3 Kh7 15.
Nxf5 Bxf5 16. Bxf5 gxf5 17. Nh4 Qf6 18. f3 Nd4 19. Be3 Ne6 20. Bf2 Rf7 21. Rb1
a5 22. b3 Rg8 23. Qd2 b6 24. a3 f4 25. Qc2 Nd4 26. Bxd4 exd4 27. Qe2 Bf8 28.
Qe4+ Kh8 29. Kf2 Qg5 30. Rg1 Be7 31. Qe6 Rf6 {necitelne, cerny vyhral v 60.
tahu} 0-1

[Event "Plzen, FSB A"]
[Site "?"]
[Date "2004.??.??"]
[Round "5.30"]
[White "Vrchotka, J."]
[Black "Peniska, P."]
[Result "1/2-1/2"]
[WhiteElo "2103"]
[BlackElo "2011"]
[PlyCount "89"]
[EventDate "2004.??.??"]
[Source "ChessBase"]
[SourceDate "1996.11.15"]

1. e4 c5 2. Nc3 Nc6 3. g3 g6 4. Bg2 Bg7 5. Nge2 e6 6. f4 d6 7. O-O Nge7 8. d3
O-O 9. g4 f5 10. h3 Rb8 11. Rb1 b5 12. gxf5 b4 13. Na4 exf5 14. b3 Nd4 15. Bb2
Nec6 16. c3 Nxe2+ 17. Qxe2 bxc3 18. Nxc3 Nd4 19. Qe1 Ba6 20. Qg3 fxe4 21. Bxe4
Bb7 22. Qg2 Qd7 23. Kh2 Rf7 24. Rbe1 Rbf8 25. Bxb7 Qxb7 26. Qxb7 Rxb7 27. Ne4
Nf5 28. Bxg7 Kxg7 29. Ng5 Kh6 30. Re6 Re7 31. Rfe1 Rxe6 32. Rxe6 Nd4 33. Re7
Rxf4 34. Nf7+ Kh5 35. Nxd6 Rf2+ 36. Kg3 Rxa2 37. Rxh7+ Kg5 38. Ne4+ Kf5 39.
Rf7+ Ke5 40. Nxc5 a5 41. Ra7 Ra3 42. Kg4 Kd5 43. Na4 Nxb3 44. Nb6+ Ke6 45. Nc4
1/2-1/2

[Event "Plzen, FSB A"]
[Site "?"]
[Date "2004.??.??"]
[Round "5.31"]
[White "Jenicek, E."]
[Black "Novy, V."]
[Result "1-0"]
[WhiteElo "2021"]
[BlackElo "2093"]
[PlyCount "71"]
[EventDate "2004.??.??"]
[Source "ChessBase"]
[SourceDate "1996.11.15"]

1. Nf3 d5 2. d4 c6 3. c4 e6 4. Qc2 Be7 5. Bf4 Nf6 6. e3 Nbd7 7. Nc3 O-O 8. Bd3
c5 9. cxd5 cxd4 10. exd4 exd5 11. O-O Nb6 12. Nb5 Bd7 13. Bc7 Qc8 14. Nxa7 Rxa7
15. Bxb6 Qxc2 16. Bxc2 Ra6 17. Bc5 Bxc5 18. dxc5 Rc8 19. Bd3 Ra5 20. b4 Ra3 21.
Ne5 Be6 22. f4 Nd7 23. Nxd7 Bxd7 24. Bc2 b6 25. cxb6 Rb8 26. Rfd1 Bc6 27. Bb3
Rxb6 28. Bxd5 Bxd5 29. Rxd5 Kf8 30. b5 Ke7 31. Kf2 Re6 32. Rd2 Kf6 33. Re1 Rxe1
34. Kxe1 Ra4 35. Rb2 Rxf4 36. Rf2 1-0

[Event "Plzen, FSB A"]
[Site "?"]
[Date "2004.??.??"]
[Round "5.32"]
[White "Steinhauser, A."]
[Black "Reitinger, P."]
[Result "0-1"]
[WhiteElo "1714"]
[BlackElo "2090"]
[PlyCount "78"]
[EventDate "2004.??.??"]
[Source "ChessBase"]
[SourceDate "1996.11.15"]

1. e4 c5 2. Nf3 d6 3. d4 cxd4 4. Nxd4 Nf6 5. Nc3 g6 6. Be3 Bg7 7. f3 O-O 8. Qd2
Nc6 9. O-O-O d5 10. Qe1 e5 11. Nxc6 bxc6 12. Bg5 d4 13. Na4 Qd6 14. c3 c5 15.
f4 Bd7 16. b3 Bxa4 17. bxa4 Rfe8 18. Bb5 exf4 19. Bxe8 Rxe8 20. Bxf6 Qxf6 21.
Kc2 Qc6 22. Kb3 c4+ 23. Kb2 d3 24. Qd2 Qxa4 25. Rb1 Qa5 26. Rhc1 Rxe4 27. Re1
f5 28. Rbc1 Qb4+ 29. Ka1 Be5 30. g3 f3 31. g4 Re2 32. Rxe2 fxe2 33. gxf5 Kg7
34. fxg6 hxg6 35. h4 a5 36. h5 a4 37. hxg6 a3 38. Rc2 Bxc3+ 39. Rxc3 Qb2+ 0-1

[Event "Plzen, FSB A"]
[Site "?"]
[Date "2004.??.??"]
[Round "5.33"]
[White "Malec, J."]
[Black "Fiala, J."]
[Result "1/2-1/2"]
[WhiteElo "2079"]
[BlackElo "1914"]
[PlyCount "25"]
[EventDate "2004.??.??"]
[Source "ChessBase"]
[SourceDate "1996.11.15"]

1. d4 Nf6 2. Nf3 g6 3. Bf4 Bg7 4. e3 O-O 5. Nbd2 d6 6. Bc4 Nbd7 7. O-O Qe8 8.
h3 e5 9. dxe5 Nxe5 10. Bb3 Nxf3+ 11. Qxf3 Nh5 12. c3 Nxf4 13. Qxf4 1/2-1/2

[Event "Plzen, FSB A"]
[Site "?"]
[Date "2004.??.??"]
[Round "5.34"]
[White "Snaidr, J."]
[Black "Adamek, F."]
[Result "1-0"]
[WhiteElo "2063"]
[BlackElo "2144"]
[PlyCount "139"]
[EventDate "2004.??.??"]
[Source "ChessBase"]
[SourceDate "1996.11.15"]

1. d4 g6 2. c4 Bg7 3. Nc3 d6 4. Nf3 Nf6 5. e4 O-O 6. Be2 a6 7. O-O Bg4 8. h3
Bxf3 9. Bxf3 Nfd7 10. Bg5 c6 11. a4 Re8 12. Qc2 Qc7 13. Be2 Bxd4 14. Rad1 Bf6
15. Be3 a5 16. f4 Na6 17. g4 Ndc5 18. g5 Bg7 19. Bg4 e6 20. Bf3 Rad8 21. h4 f6
22. h5 fxg5 23. hxg6 hxg6 24. e5 dxe5 25. fxg5 e4 26. Nxe4 Nxe4 27. Qxe4 Qe5
28. Qxe5 Bxe5 29. b3 Rxd1 30. Rxd1 Re7 31. Be4 Kg7 32. Kg2 Bc7 33. Rh1 Nb8 34.
Rh6 Nd7 35. Rxg6+ Kf7 36. Rh6 Nf8 37. Bc5 Re8 38. Bf3 Kg7 39. Bh5 Rd8 40. Rf6
Rd2+ 41. Kf1 Bd6 42. Rf7+ Kg8 43. Bxd6 Rxd6 44. Rxb7 Nd7 45. Bf3 Ne5 46. Ke2 c5
47. Rb5 Nd3 48. Ke3 Nc1 49. Be2 Kg7 50. Rxa5 Nxb3 51. Rb5 Nd4 52. Rxc5 Kg6 53.
Bd3+ Nf5+ 54. Bxf5+ exf5 55. Rd5 Ra6 56. Kf4 Rxa4 57. Rd6+ Kg7 58. Rc6 Ra1 59.
Kxf5 Rf1+ 60. Ke4 Rd1 61. Ke5 Rd2 62. Rd6 Rg2 63. g6 Kf8 64. c5 Ke7 65. Ra6
Rg5+ 66. Kd4 Kd7 67. Kc4 Kc7 68. Kb5 Rg1 69. Ra7+ Kb8 70. Rg7 1-0

[Event "Plzen, FSB A"]
[Site "?"]
[Date "2004.??.??"]
[Round "5.36"]
[White "Gutdeutsch, O."]
[Black "Drahorad, D."]
[Result "1/2-1/2"]
[WhiteElo "2116"]
[BlackElo "1977"]
[PlyCount "42"]
[EventDate "2004.??.??"]
[Source "ChessBase"]
[SourceDate "1996.11.15"]

1. e4 e6 2. d4 d5 3. Nd2 Nf6 4. e5 Nfd7 5. Ndf3 c5 6. c3 Nc6 7. Ne2 Be7 8. h4
a6 9. g4 b5 10. Be3 cxd4 11. cxd4 Nb6 12. Nf4 Nc4 13. Bxc4 bxc4 14. Bd2 Qb6 15.
Bc3 Bd7 16. Qd2 a5 17. a3 a4 18. Kf1 Na5 19. Re1 Nb3 20. Qc2 O-O-O 21. Kg2 Rdf8
1/2-1/2

[Event "Plzen, FSB A"]
[Site "?"]
[Date "2004.??.??"]
[Round "5.37"]
[White "van der Veen, R."]
[Black "Racek, J."]
[Result "1/2-1/2"]
[WhiteElo "2002"]
[BlackElo "2112"]
[PlyCount "64"]
[EventDate "2004.??.??"]
[Source "ChessBase"]
[SourceDate "1996.11.15"]

1. d4 Nf6 2. c4 g6 3. Nf3 c6 4. Nc3 d5 5. e3 Bg7 6. b3 Qa5 7. Bd2 Qd8 8. Rc1
Bg4 9. h3 Bxf3 10. Qxf3 O-O 11. Bd3 Re8 12. O-O Na6 13. a3 dxc4 14. Bxc4 Nc7
15. b4 e5 16. Rfd1 e4 17. Qe2 Qe7 18. Bb3 Nfd5 19. Nxd5 Nxd5 20. Bxd5 cxd5 21.
Qb5 Red8 22. Rc5 Qd7 23. Qxd7 Rxd7 24. Rdc1 Rad8 25. Rc7 Bf8 26. a4 f6 27. Rc8
Rxc8 28. Rxc8 Kf7 29. b5 Bd6 30. Kf1 Rc7 31. Rxc7+ Bxc7 32. Bb4 b6 1/2-1/2

[Event "Plzen, FSB A"]
[Site "?"]
[Date "2004.??.??"]
[Round "5.38"]
[White "Hyrs, M."]
[Black "Jina, L."]
[Result "1/2-1/2"]
[WhiteElo "2108"]
[BlackElo "1943"]
[PlyCount "40"]
[EventDate "2004.??.??"]
[Source "ChessBase"]
[SourceDate "1996.11.15"]

1. Nf3 Nf6 2. d4 d5 3. c4 c6 4. cxd5 cxd5 5. Nc3 a6 6. Bf4 e6 7. e3 Be7 8. Bd3
Nc6 9. Rc1 Nh5 10. Bg3 Bd7 11. Ne5 Nxg3 12. Nxc6 Bxc6 13. hxg3 h6 14. a3 Qd7
15. Qe2 Bf6 16. Rc2 e5 17. dxe5 Bxe5 18. Qh5 Bf6 19. O-O O-O 20. Rd1 Rad8
1/2-1/2

[Event "Plzen, FSB A"]
[Site "?"]
[Date "2004.??.??"]
[Round "5.39"]
[White "Skacel, J."]
[Black "Simunek, F."]
[Result "0-1"]
[WhiteElo "2103"]
[BlackElo "1877"]
[PlyCount "92"]
[EventDate "2004.??.??"]
[Source "ChessBase"]
[SourceDate "1996.11.15"]

1. d4 Nf6 2. c4 g6 3. Nc3 d5 4. Bf4 Bg7 5. e3 c5 6. cxd5 Nxd5 7. Bxb8 Nxc3 8.
bxc3 Rxb8 9. Qa4+ Bd7 10. Bb5 a6 11. Bxd7+ Qxd7 12. Qxd7+ Kxd7 13. Nf3 cxd4 14.
cxd4 Rhc8 15. Kd2 Rc4 16. Rhc1 Rbc8 17. Rab1 b5 18. Rxc4 Rxc4 19. Rc1 Rxc1 20.
Kxc1 Kd6 21. Kc2 Kd5 22. Kd3 f5 23. Ne1 e5 24. Nc2 a5 25. f4 exd4 26. exd4 Bf8
27. g3 Be7 28. h4 Kc6 29. Kc3 Kb6 30. Kd3 a4 31. Kc3 Ka5 32. Kd3 Bb4 33. Ke3
Bc3 34. Kd3 Bb2 35. Ne3 Bc1 36. Nc2 a3 37. Na1 Bb2 38. Nc2 Ka4 39. d5 Ka5 40.
Nd4 Kb6 41. Ne6 Kb7 42. Kc2 h5 43. Kb3 Bc1 44. Nf8 Be3 45. Nxg6 Bc5 46. Ne5 Kc7
0-1

[Event "Plzen, FSB A"]
[Site "?"]
[Date "2004.??.??"]
[Round "5.40"]
[White "Muk, I."]
[Black "Toman, Jan"]
[Result "0-1"]
[WhiteElo "1916"]
[BlackElo "2103"]
[PlyCount "158"]
[EventDate "2004.??.??"]
[Source "ChessBase"]
[SourceDate "1996.11.15"]

1. d4 Nf6 2. c4 g6 3. Nc3 Bg7 4. e4 d6 5. f3 O-O 6. Be3 Nc6 7. Nge2 a6 8. Qd2
Rb8 9. d5 Ne5 10. Nd4 c5 11. Nc2 Ne8 12. Be2 Nc7 13. O-O b5 14. b3 bxc4 15.
bxc4 Na8 16. Rab1 Rxb1 17. Rxb1 Qc7 18. Bh6 Bb7 19. Bxg7 Kxg7 20. f4 Nd7 21.
Ne3 Rb8 22. Ncd1 Bc8 23. Qc3+ Kg8 24. Ng4 f6 25. Rc1 Rb4 26. Qe3 Qb8 27. Bd3
Nab6 28. f5 Nf8 29. Nh6+ Kg7 30. fxg6 hxg6 31. h4 e5 32. g4 Qc7 33. Nf2 Qe7 34.
h5 g5 35. Nf5+ Bxf5 36. exf5 Kh6 37. Ne4 Rb2 38. a3 Qd8 39. Qe1 Nc8 40. Rb1 Qb6
41. Nxf6 Qb3 42. Rxb2 Qxb2 43. Qe3 Qa1+ 44. Kg2 Qb2+ 45. Kg3 Qd4 46. Qxd4 exd4
47. Kf3 Kg7 48. Ne8+ Kf7 49. Nc7 Nd7 50. Be2 Ne5+ 51. Kg3 d3 52. Bd1 Nxc4 53.
Ne6 Nb2 54. h6 Kg8 55. Bf3 Nc4 56. f6 Ne5 57. Nxg5 d2 58. Bd1 Nb6 59. h7+ Kh8
60. f7 Ng6 61. Ne6 Nxd5 62. f8=Q+ Nxf8 63. Nxf8 Ne3 64. Ba4 c4 65. Kf3 d1=Q+
66. Bxd1 Nxd1 67. Ke2 Nc3+ 68. Ke3 d5 69. g5 Nb5 70. a4 d4+ 71. Kd2 Na3 72. g6
c3+ 73. Kd1 d3 74. Nd7 Nc4 75. Nc5 Nb2+ 76. Kc1 d2+ 77. Kc2 d1=Q+ 78. Kxc3 Qc1+
79. Kb4 Qd2+ 0-1

[Event "Plzen, FSB A"]
[Site "?"]
[Date "2004.??.??"]
[Round "5.41"]
[White "de Cauter, W."]
[Black "Reitingerova, I."]
[Result "1-0"]
[WhiteElo "2089"]
[BlackElo "1841"]
[PlyCount "73"]
[EventDate "2004.??.??"]
[Source "ChessBase"]
[SourceDate "1996.11.15"]

1. f4 g6 2. Nf3 Bg7 3. e3 d6 4. Nc3 Nf6 5. Be2 O-O 6. d3 Nbd7 7. Qd2 c6 8. b3
Qc7 9. Bb2 e5 10. fxe5 Nxe5 11. Nxe5 dxe5 12. e4 Be6 13. h3 Rad8 14. Qe3 Nd7
15. O-O f5 16. exf5 gxf5 17. Bf3 Rf6 18. Rae1 Bf8 19. Kh1 Rh6 20. Qg5+ Rg6 21.
Qd2 Bh6 22. Qd1 Nf6 23. Bh5 Nxh5 24. Qxh5 Bf4 25. Bc1 Bxc1 26. Rxc1 Qa5 27. Qh4
Bd5 28. Rxf5 Bxg2+ 29. Kh2 Rf8 30. Rxf8+ Kxf8 31. Qf2+ Kg7 32. Ne4 Qd5 33. Ng3
Bxh3 34. Kxh3 Rh6+ 35. Kg4 Rg6+ 36. Kh4 Rh6+ 37. Nh5+ 1-0

[Event "Plzen, FSB A"]
[Site "?"]
[Date "2004.??.??"]
[Round "5.42"]
[White "Kriz, D."]
[Black "Hejl, J."]
[Result "1-0"]
[WhiteElo "1732"]
[BlackElo "2081"]
[PlyCount "47"]
[EventDate "2004.??.??"]
[Source "ChessBase"]
[SourceDate "1996.11.15"]

1. e4 c5 2. c3 Nf6 3. e5 Nd5 4. d4 cxd4 5. Nf3 Nc6 6. cxd4 e6 7. Bc4 Nb6 8. Bb3
d6 9. O-O dxe5 10. dxe5 Qc7 11. Nc3 Bb4 12. Nb5 Qb8 13. a3 Be7 14. Nd6+ Bxd6
15. exd6 O-O 16. Bf4 Rd8 17. Qc2 Bd7 18. Ng5 g6 19. Qc3 Rf8 20. Ne4 f6 21.
Nxf6+ Kf7 22. Nxh7 Rg8 23. Qf6+ Ke8 24. Bxe6 1-0

[Event "Plzen, FSB A"]
[Site "?"]
[Date "2004.??.??"]
[Round "5.43"]
[White "Cekan, P."]
[Black "Valickova, M."]
[Result "1/2-1/2"]
[WhiteElo "1894"]
[BlackElo "2063"]
[PlyCount "68"]
[EventDate "2004.??.??"]
[Source "ChessBase"]
[SourceDate "1996.11.15"]

1. d4 Nf6 2. c4 e6 3. g3 d5 4. Bg2 Be7 5. Nc3 O-O 6. Nf3 a6 7. O-O dxc4 8. Ne5
c5 9. dxc5 Bxc5 10. Qxd8 Rxd8 11. Bg5 h6 12. Bxf6 gxf6 13. Rad1 Rf8 14. Nxc4
Ra7 15. Nd6 f5 16. Na4 Bxd6 17. Rxd6 Nd7 18. Rfd1 b5 19. Nb6 Nxb6 20. Rxb6 Rc7
21. Rc6 Rxc6 22. Bxc6 Kg7 23. b4 Kf6 24. f4 Ke7 25. Kf2 Rd8 26. Rxd8 Kxd8 27.
Ke3 Kc7 28. Bf3 f6 29. Kd4 Kd6 30. Ba8 e5+ 31. Kd3 Be6 32. a3 Bd5 33. Bxd5 Kxd5
34. e3 e4+ 1/2-1/2

[Event "Plzen, FSB A"]
[Site "?"]
[Date "2004.??.??"]
[Round "5.44"]
[White "Fruehauf, N."]
[Black "Vlcek, J."]
[Result "1-0"]
[WhiteElo "2097"]
[BlackElo "1976"]
[PlyCount "63"]
[EventDate "2004.??.??"]
[Source "ChessBase"]
[SourceDate "1996.11.15"]

1. e4 c5 2. c3 d5 3. exd5 Qxd5 4. d4 e5 5. dxe5 Qxd1+ 6. Kxd1 Nc6 7. Bb5 Bd7 8.
Bxc6 Bxc6 9. Nf3 O-O-O+ 10. Nbd2 Bxf3+ 11. gxf3 g6 12. Kc2 Nh6 13. Ne4 Nf5 14.
Bg5 Re8 15. Bf6 Rg8 16. Rad1 Bh6 17. Nxc5 b6 18. Ne4 Re6 19. Rd5 Rge8 20. Nd2
Bf4 21. Nc4 Kc7 22. Rhd1 Kc6 23. Rd7 b5 24. Na5+ Kb6 25. b4 Bxe5 26. Bxe5 Rxe5
27. Rb7+ Ka6 28. Rdd7 Ra8 29. Rbc7 Re6 30. Nb3 Kb6 31. Rb7+ Kc6 32. Na5# 1-0

[Event "Plzen, FSB A"]
[Site "?"]
[Date "2004.??.??"]
[Round "5.45"]
[White "Sedlacek, J."]
[Black "Pahorecky, J."]
[Result "1/2-1/2"]
[WhiteElo "2069"]
[BlackElo "1946"]
[PlyCount "94"]
[EventDate "2004.??.??"]
[Source "ChessBase"]
[SourceDate "1996.11.15"]

1. c4 e5 2. Nc3 Nf6 3. Nf3 Nc6 4. g3 d5 5. cxd5 Nxd5 6. Bg2 Nxc3 7. bxc3 e4 8.
Ng1 f5 9. f3 exf3 10. Nxf3 Be7 11. Qb3 Bf6 12. Ba3 Qd7 13. Rb1 Qf7 14. Qa4 Bd7
15. Qc2 Rb8 16. O-O Be7 17. Bxe7 Qxe7 18. h4 O-O 19. Ng5 h6 20. Bd5+ Kh8 21.
Nf7+ Rxf7 22. Bxf7 Qxf7 23. d4 Qd5 24. Qd2 Na5 25. Qf4 Rc8 26. Qf3 Qxf3 27.
exf3 Bc6 28. d5 Be8 29. Rfe1 Bf7 30. Re5 g6 31. Rb4 Re8 32. f4 b6 33. c4 Kg7
34. Kf2 Kf6 35. Re3 Rxe3 36. Kxe3 Ke7 37. Kd3 Kd6 38. Rb1 Nb7 39. Kd4 Nc5 40.
Re1 Ne4 41. g4 Ng3 42. g5 hxg5 43. hxg5 Nh5 44. Rf1 Be8 45. Rf3 Bd7 46. Rf2 Be8
47. Rf3 Bd7 1/2-1/2